000 01147 a2200217 4500
001 23338
005 20260407155521.0
008 260407a2006 arg spa d
003 AR-UNSa-BCEJYS
040 _aAR-UNSa-BCEJYS
_bspa
_cAR-UNSa-BCEJYS
080 _a342.9
_xDerecho Administrativo
245 1 0 _aDerecho Administrativo para las ciencias económicas
020 _a978-987-9381-74-8
264 1 _aSalta :
_bEUNSa (Editorial de la Universidad Nacional de Salta)
_c2006
300 _a246 p.
_c39 cm.
505 _a1. Estado y sus funciones - 2. El derecho administrativo - 3. La administración pública - 4. Fuentes del derecho administrativo - 5. Organización administrativa - 6. Acto administrativo - 7. Contratos administrativos - 8. Contratos administrativos - 9. Servicios públicos - 10. Responsabilidad del estado - 11. Procedimiento administrativo - 12. Dominio Público.
942 _cBK
590 _aniveau_biblio:m niveau_hierar:0
100 1 _aPuig, Alfredo Gustavo
856 4 1 _uhttps://biblioeco.unsa.edu.ar/pmb/images/libros/Derecho Administrativo para las Ciencias Economicas2-l116398.jpg
_yImagen de portada
_qimage/jpeg
999 _c1106
_d1106